| 000 | 00741nam a2200241Ia 4500 | ||
|---|---|---|---|
| 005 | 20260430150646.0 | ||
| 008 | 008 250103s9999 xx 000 0 eng d | ||
| 037 | _aTheses | ||
| 040 | _aCRL | ||
| 040 | _beng | ||
| 040 | _ceng | ||
| 041 | _2eng | ||
| 041 | _aeng | ||
| 084 | _qCRL | ||
| 100 |
_aMeetali Au.; Katyal Anju Gu. _91238132 |
||
| 245 | 0 | _aMechanistic Insights into the Role of PPAR-ß/d in Pathogenesis of Experimental Cerebral Malaria: A Cue to Adjunct Anti-Malarial Therapy | |
| 260 | _c2023 | ||
| 300 | _a167p. | ||
| 650 | _aMedicine | ||
| 700 |
_aUniversity of Delhi. Faculty of Medical Sciences. Deptt. of Medical Bio-Medical Research (B.R. Ambedkar ) _91238133 |
||
| 942 | _cTH | ||
| 999 |
_c1850323 _d1850323 |
||